Statistics for Baby/Egg Pokemon

Click here to take the quiz!

General Stats

  • This quiz has been taken 680 times
    (672 since last reset)
  • The average score is 31 of 49

Answer Stats

TypePokemon% Correct
ElectricPichu
96%
ElectricElekid
85%
FireMagby
83%
ElectricRaichu
81%
ElectricPikachu
81%
NormalTogepi
81%
Ice-PsychicSmoochum
77%
NormalIgglybuff
75%
NormalCleffa
73%
FightingTyrogue
72%
FireMagmar
72%
ElectricElectabuzz
71%
FightingHitmontop
71%
Normal-FlyingTogetic
70%
Ice-PsychicJynx
70%
FightingHitmonlee
70%
FightingHitmonchan
70%
Normal-FlyingTogekiss
69%
FireMagmortar
68%
NormalWigglytuff
67%
NormalJigglypuff
67%
NormalClefable
67%
NormalClefairy
67%
FightingRiolu
66%
ElectricElectivire
66%
Fighting-SteelLucario
62%
Bug-FireLarvesta
59%
NormalHappiny
59%
PsychicMime Jr
58%
NormalAzurill
58%
Bug-FireVolcarona
58%
RockBonsly
56%
WaterMarill
56%
WaterAzumarill
56%
NormalChansey
56%
NormalBlissey
55%
PsychicMr Mime
54%
Grass-PoisonBudew
54%
RockSudowoodo
53%
Grass-PoisonRoselia
53%
Water-FlyingMantine
53%
Water-FlyingMantyke
53%
Grass-PoisonRoserade
52%
NormalMunchlax
52%
NormalSnorlax
49%
PsychicWynaut
47%
PsychicWobbuffet
44%
PsychicChingling
40%
PsychicChimecho
38%

Score Distribution

Percentile by Number Answered

Percent of People with Each Score

Your Score History

You have not taken this quiz since the last reset